Borrowers Alfred / (Record no. 11975)
[ view plain ]
| 000 -LEADER | |
|---|---|
| fixed length control field | 00329cam a2200133ua 4500 |
| 041 ## - LANGUAGE CODE | |
| Language code of text/sound track or separate title | eng |
| 082 ## - DEWEY DECIMAL CLASSIFICATION NUMBER | |
| Classification number | 823.308 |
| Item number | NOR/BOR |
| 100 ## - MAIN ENTRY--AUTHOR NAME | |
| Personal name | Norten mary, . |
| 245 00 - TITLE STATEMENT | |
| Title | Borrowers Alfred / |
| 260 ## - PUBLICATION, DISTRIBUTION, ETC. (IMPRINT) | |
| Place of publication | : |
| Name of publisher | Dent prnnant books , |
| Year of publication | 1960. |
| 300 ## - PHYSICAL DESCRIPTION | |
| Number of Pages | 193 ; . |
No items available.
